01363cam a22003498i 450000100090000000300040000900500170001300600190003000700150004900800410006401000170010502000260012202000370014804000230018504200080020805000110021608200190022710000290024624500530027525000340032826300090036226400410037130000220041233600260043433700260046033800360048650400510052252001490057358801030072265000200082577601680084521497613OSt20220227200001.0m |o d | cr |||||||||||200406s2020 nyu ob 001 0 eng  a 2020016228 a9781608338498q(epub) z9781626983854q(trade paperback) aDLCbengcDLCerda apcc00aBT82.700a230223bC747B1 aCone, James H.,eauthor.12aA Black theology of liberation /cJames H. Cone. aFiftieth anniversary edition. a2010 1aMaryknoll, NY :bOrbis Books,c2020. a1 online resource atextbtxt2rdacontent acomputerbc2rdamedia aonline resourcebcr2rdacarrier aIncludes bibliographical references and index. a"The classic text in black theology, with a new foreword by Peter J. Paris and a new afterword by Kelly Brown Douglas"--cProvided by publisher. aDescription based on print version record and CIP data provided by publisher; resource not viewed. 0aBlack theology.08iPrint version:aCone, James H..tA Black theology of liberationbFiftieth anniversary edition.dMaryknoll, NY : Orbis Books, 2020.z9781626983854w(DLC) 2020016227